| 000 | 00691nam a2200205 a 4500 | ||
|---|---|---|---|
| 001 | 1201 | ||
| 005 | 20140414132000.0 | ||
| 008 | 041110s19uu xx 00 eng d | ||
| 050 |
_aTR 813.08 _bL41 1991 |
||
| 100 | _aLaw, Felicia | ||
| 245 |
_aLearn about opposites / _cStory by Felicia Law ; illustrations by Steve Smallman, Shirley Tourret. |
||
| 260 |
_aU.K : _bWorld Books, _c1991. |
||
| 300 | _ap. : ill. ; cm. | ||
| 440 | _aEarly World of Learning-Poldy | ||
| 520 | _aPoldy and his friends are having a bad day. Each time they plan to do something the opposites happens. | ||
| 650 |
_aOpposites _xFiction. |
||
| 650 | _aChildren stories. | ||
| 999 |
_c113039 _d113039 |
||